header

Understanding tourism : (Record no. 97)

MARC details
000 -LEADER
fixed length control field 01119cam a22003494a 4500
001 - CONTROL NUMBER
control field 15862220
003 - CONTROL NUMBER IDENTIFIER
control field OSt
005 - DATE AND TIME OF LATEST TRANSACTION
control field 20150917104546.0
008 - FIXED-LENGTH DATA ELEMENTS--GENERAL INFORMATION
fixed length control field 090810s2010 caua b 001 0 eng d
010 ## - LIBRARY OF CONGRESS CONTROL NUMBER
LC control number 2009934638
015 ## - NATIONAL BIBLIOGRAPHY NUMBER
National bibliography number GBA9C3182
Source bnb
016 7# - NATIONAL BIBLIOGRAPHIC AGENCY CONTROL NUMBER
Record control number 015443008
Source Uk
020 ## - INTERNATIONAL STANDARD BOOK NUMBER
International Standard Book Number 9781412922777 (hbk.)
International Standard Book Number 1412922771 (hbk.)
International Standard Book Number 141292278X (pbk.)
International Standard Book Number 9781412922784
035 ## - SYSTEM CONTROL NUMBER
System control number (OCoLC)ocn472867475
040 ## - CATALOGING SOURCE
Original cataloging agency UKM
Transcribing agency UKM
Modifying agency YDXCP
-- BWK
-- C#P
-- BWX
-- UV0
-- CDX
-- DLC
042 ## - AUTHENTICATION CODE
Authentication code ukblcatcopy
-- lccopycat
050 00 - LIBRARY OF CONGRESS CALL NUMBER
Classification number G155.A1
Item number H353 2010
082 04 - DEWEY DECIMAL CLASSIFICATION NUMBER
Classification number 338.4791001
Edition number 22
100 1# - MAIN ENTRY--PERSONAL NAME
Personal name Hannam, Kevin.
245 10 - TITLE STATEMENT
Title Understanding tourism :
Remainder of title a critical introduction /
Statement of responsibility, etc Kevin Hannam & Dan Knox.
260 ## - PUBLICATION, DISTRIBUTION, ETC. (IMPRINT)
Place of publication, distribution, etc Los Angeles ;
-- London :
Name of publisher, distributor, etc SAGE,
Date of publication, distribution, etc 2010.
300 ## - PHYSICAL DESCRIPTION
Extent 220 p. :
Other physical details ill. ;
Dimensions 25 cm.
504 ## - BIBLIOGRAPHY, ETC. NOTE
Bibliography, etc Includes bibliographical references (p. [197]-216) and index.
650 #0 - SUBJECT ADDED ENTRY--TOPICAL TERM
Topical term or geographic name as entry element Tourism
General subdivision Philosophy.
700 1# - ADDED ENTRY--PERSONAL NAME
Personal name Knox, Dan.
906 ## - LOCAL DATA ELEMENT F, LDF (RLIN)
a 7
b cbc
c copycat
d 2
e ncip
f 20
g y-gencatlg
942 ## - ADDED ENTRY ELEMENTS (KOHA)
Source of classification or shelving scheme Library of Congress Classification
Koha item type Long Loan Books
Holdings
Withdrawn status Lost status Source of classification or shelving scheme Damaged status Not for loan Collection code Home library Current library Shelving location Date acquired Total Checkouts Full call number Barcode Date last seen Price effective from Koha item type
    Library of Congress Classification     Non-fiction Rongo University Library Rongo University Library General Stacks 17/09/2015   G155.A1 H353 2010 20091561 12/10/2017 17/09/2015 Long Loan Books

© 2026 Rongo University
Contact us: librarian | system librarian | Rongo university